<?xml version="1.0" encoding="UTF-8"?>
<record
    xmlns:xsi="http://www.w3.org/2001/XMLSchema-instance"
    xsi:schemaLocation="http://www.loc.gov/MARC21/slim http://www.loc.gov/standards/marcxml/schema/MARC21slim.xsd"
    xmlns="http://www.loc.gov/MARC21/slim">

  <leader>00792nam a22001577a 4500</leader>
  <controlfield tag="003">OSt</controlfield>
  <controlfield tag="005">20150928150012.0</controlfield>
  <controlfield tag="008">150928b        xxu||||| |||| 00| 0 eng d</controlfield>
  <datafield tag="040" ind1=" " ind2=" ">
    <subfield code="c">RUA </subfield>
  </datafield>
  <datafield tag="082" ind1=" " ind2=" ">
    <subfield code="a">AGR SEM 2013 B056 Or.1</subfield>
  </datafield>
  <datafield tag="100" ind1=" " ind2=" ">
    <subfield code="9">1489</subfield>
    <subfield code="a">SEM VY</subfield>
  </datafield>
  <datafield tag="245" ind1=" " ind2=" ">
    <subfield code="a">Study  on planting method and water produtivities for efficincy to grow maize in upper and souround rainfed lowland, (&#x179F;&#x17B7;&#x1780;&#x17D2;&#x179F;&#x17B6;&#x1796;&#x17B8;&#x179C;&#x17B7;&#x1792;&#x17B8;&#x179F;&#x17B6;&#x179F;&#x17D2;&#x179A;&#x17D2;&#x178F;&#x178A;&#x17C6;&#x17B6;&#x178A;&#x17BB;&#x17C7; &#x1793;&#x17B7;&#x1784;&#x1794;&#x17D2;&#x179A;&#x179F;&#x17B7;&#x1791;&#x17D2;&#x1792;&#x1797;&#x17B6;&#x1796;&#x1793;&#x17C3;&#x1780;&#x17B6;&#x179A;&#x1794;&#x17D2;&#x179A;&#x17BE;&#x1794;&#x17D2;&#x179A;&#x17B6;&#x179F;&#x17CB;&#x1791;&#x17B9;&#x1780;&#x179F;&#x1798;&#x17D2;&#x179A;&#x17B6;&#x1794;&#x17CB;&#x1780;&#x17B6;&#x179A;&#x178A;&#x17C6;&#x17B6;&#x178A;&#x17BB;&#x17C7;&#x1796;&#x17C4;&#x178F;&#x1793;&#x17C5;&#x1791;&#x17B8;&#x1791;&#x17BD;&#x179B;&#x1791;&#x17C6;&#x1793;&#x17B6;&#x1794;&#x17A2;&#x17B6;&#x179F;&#x17D2;&#x179A;&#x17D0;&#x1799;&#x1791;&#x17B9;&#x1780;&#x1797;&#x17D2;&#x179B;&#x17C0;&#x1784;)</subfield>
  </datafield>
  <datafield tag="260" ind1=" " ind2=" ">
    <subfield code="a">phnom penh </subfield>
    <subfield code="b">RUA </subfield>
    <subfield code="c">2013 </subfield>
  </datafield>
  <datafield tag="300" ind1=" " ind2=" ">
    <subfield code="a">xii, 50p. </subfield>
    <subfield code="b">ill.</subfield>
    <subfield code="c">29cm.</subfield>
  </datafield>
  <datafield tag="942" ind1=" " ind2=" ">
    <subfield code="2">ddc</subfield>
    <subfield code="c">AGR</subfield>
  </datafield>
  <datafield tag="999" ind1=" " ind2=" ">
    <subfield code="c">1401</subfield>
    <subfield code="d">1401</subfield>
  </datafield>
  <datafield tag="952" ind1=" " ind2=" ">
    <subfield code="0">0</subfield>
    <subfield code="1">0</subfield>
    <subfield code="2">ddc</subfield>
    <subfield code="4">0</subfield>
    <subfield code="6">AGR_SEM_2013_000000000000000_B056_OR_1</subfield>
    <subfield code="7">0</subfield>
    <subfield code="9">6101</subfield>
    <subfield code="a">LBB</subfield>
    <subfield code="b">LBB</subfield>
    <subfield code="c">B056</subfield>
    <subfield code="d">2015-09-28</subfield>
    <subfield code="o">AGR SEM 2013 B056 Or.1</subfield>
    <subfield code="p">RUA005845</subfield>
    <subfield code="r">2015-09-28</subfield>
    <subfield code="w">2015-09-28</subfield>
    <subfield code="y">AGR</subfield>
  </datafield>
  <datafield tag="952" ind1=" " ind2=" ">
    <subfield code="0">0</subfield>
    <subfield code="1">0</subfield>
    <subfield code="2">ddc</subfield>
    <subfield code="4">0</subfield>
    <subfield code="6">AGR_SEM_2013_000000000000000_B056_OR_2</subfield>
    <subfield code="7">0</subfield>
    <subfield code="9">6102</subfield>
    <subfield code="a">LBB</subfield>
    <subfield code="b">LBB</subfield>
    <subfield code="c">B056</subfield>
    <subfield code="d">2015-09-28</subfield>
    <subfield code="o">AGR SEM 2013 B056 Or.2</subfield>
    <subfield code="p">RUA005520</subfield>
    <subfield code="r">2015-09-28</subfield>
    <subfield code="w">2015-09-28</subfield>
    <subfield code="y">AGR</subfield>
  </datafield>
  <datafield tag="952" ind1=" " ind2=" ">
    <subfield code="0">0</subfield>
    <subfield code="1">0</subfield>
    <subfield code="2">ddc</subfield>
    <subfield code="4">0</subfield>
    <subfield code="6">AGR_SEM_2013_000000000000000_B056_OR_3</subfield>
    <subfield code="7">0</subfield>
    <subfield code="9">6103</subfield>
    <subfield code="a">LBB</subfield>
    <subfield code="b">LBB</subfield>
    <subfield code="c">B056</subfield>
    <subfield code="d">2015-09-28</subfield>
    <subfield code="o">AGR SEM 2013 B056 Or.3</subfield>
    <subfield code="p">RUA006501</subfield>
    <subfield code="r">2015-09-28</subfield>
    <subfield code="w">2015-09-28</subfield>
    <subfield code="y">AGR</subfield>
  </datafield>
  <datafield tag="952" ind1=" " ind2=" ">
    <subfield code="0">0</subfield>
    <subfield code="1">0</subfield>
    <subfield code="2">ddc</subfield>
    <subfield code="4">0</subfield>
    <subfield code="6">AGR_SEM_2013_000000000000000_B056_OR_4</subfield>
    <subfield code="7">0</subfield>
    <subfield code="9">6104</subfield>
    <subfield code="a">LBB</subfield>
    <subfield code="b">LBB</subfield>
    <subfield code="c">B056</subfield>
    <subfield code="d">2015-09-28</subfield>
    <subfield code="o">AGR SEM 2013 B056 Or.4</subfield>
    <subfield code="p">RUA006427</subfield>
    <subfield code="r">2015-09-28</subfield>
    <subfield code="w">2015-09-28</subfield>
    <subfield code="y">AGR</subfield>
  </datafield>
  <datafield tag="952" ind1=" " ind2=" ">
    <subfield code="0">0</subfield>
    <subfield code="1">0</subfield>
    <subfield code="2">ddc</subfield>
    <subfield code="4">0</subfield>
    <subfield code="6">AGR_SEM_2013_000000000000000_B056_OR_5</subfield>
    <subfield code="7">0</subfield>
    <subfield code="9">6105</subfield>
    <subfield code="a">LBB</subfield>
    <subfield code="b">LBB</subfield>
    <subfield code="c">B056</subfield>
    <subfield code="d">2015-09-28</subfield>
    <subfield code="o">AGR SEM 2013 B056 Or.5</subfield>
    <subfield code="p">RUA006512</subfield>
    <subfield code="r">2015-09-28</subfield>
    <subfield code="w">2015-09-28</subfield>
    <subfield code="y">AGR</subfield>
  </datafield>
  <datafield tag="952" ind1=" " ind2=" ">
    <subfield code="0">0</subfield>
    <subfield code="1">0</subfield>
    <subfield code="2">ddc</subfield>
    <subfield code="4">0</subfield>
    <subfield code="6">AGR_SEM_2013_000000000000000_B056_OR_6</subfield>
    <subfield code="7">0</subfield>
    <subfield code="9">6106</subfield>
    <subfield code="a">LBB</subfield>
    <subfield code="b">LBB</subfield>
    <subfield code="c">B056</subfield>
    <subfield code="d">2015-09-28</subfield>
    <subfield code="o">AGR SEM 2013 B056 Or.6</subfield>
    <subfield code="p">RUA006729</subfield>
    <subfield code="r">2015-09-28</subfield>
    <subfield code="w">2015-09-28</subfield>
    <subfield code="y">AGR</subfield>
  </datafield>
  <datafield tag="952" ind1=" " ind2=" ">
    <subfield code="0">0</subfield>
    <subfield code="1">0</subfield>
    <subfield code="2">ddc</subfield>
    <subfield code="4">0</subfield>
    <subfield code="6">AGR_SEM_2013_000000000000000_B056_OR_8</subfield>
    <subfield code="7">0</subfield>
    <subfield code="9">6107</subfield>
    <subfield code="a">LBB</subfield>
    <subfield code="b">LBB</subfield>
    <subfield code="c">B056</subfield>
    <subfield code="d">2015-09-28</subfield>
    <subfield code="o">AGR SEM 2013 B056 Or.8</subfield>
    <subfield code="p">RUA006516</subfield>
    <subfield code="r">2015-09-28</subfield>
    <subfield code="w">2015-09-28</subfield>
    <subfield code="y">AGR</subfield>
  </datafield>
  <datafield tag="952" ind1=" " ind2=" ">
    <subfield code="0">0</subfield>
    <subfield code="1">0</subfield>
    <subfield code="2">ddc</subfield>
    <subfield code="4">0</subfield>
    <subfield code="6">AGR_SEM_2013_000000000000000_B056_OR_7</subfield>
    <subfield code="7">0</subfield>
    <subfield code="9">6108</subfield>
    <subfield code="a">LBB</subfield>
    <subfield code="b">LBB</subfield>
    <subfield code="c">B056</subfield>
    <subfield code="d">2015-09-28</subfield>
    <subfield code="l">6</subfield>
    <subfield code="o">AGR SEM 2013 B056 Or.7</subfield>
    <subfield code="p">RUA006727</subfield>
    <subfield code="r">2018-09-10</subfield>
    <subfield code="s">2018-08-28</subfield>
    <subfield code="w">2015-09-28</subfield>
    <subfield code="y">AGR</subfield>
  </datafield>
  <datafield tag="952" ind1=" " ind2=" ">
    <subfield code="0">0</subfield>
    <subfield code="1">0</subfield>
    <subfield code="2">ddc</subfield>
    <subfield code="4">0</subfield>
    <subfield code="6">AGR_SEM_2013_000000000000000_B056_OR_9</subfield>
    <subfield code="7">0</subfield>
    <subfield code="9">91968</subfield>
    <subfield code="a">LBB</subfield>
    <subfield code="b">LBB</subfield>
    <subfield code="c">B056</subfield>
    <subfield code="d">2022-10-24</subfield>
    <subfield code="o">AGR SEM 2013 B056 Or.9</subfield>
    <subfield code="p">a41275</subfield>
    <subfield code="r">2022-10-24</subfield>
    <subfield code="w">2022-10-24</subfield>
    <subfield code="y">AGR</subfield>
  </datafield>
  <datafield tag="952" ind1=" " ind2=" ">
    <subfield code="0">0</subfield>
    <subfield code="1">0</subfield>
    <subfield code="2">ddc</subfield>
    <subfield code="4">0</subfield>
    <subfield code="6">AGR_SEM_2013_000000000000000_B056_OR_10</subfield>
    <subfield code="7">0</subfield>
    <subfield code="9">91969</subfield>
    <subfield code="a">LBB</subfield>
    <subfield code="b">LBB</subfield>
    <subfield code="c">B056</subfield>
    <subfield code="d">2022-10-24</subfield>
    <subfield code="o">AGR SEM 2013 B056 Or.10</subfield>
    <subfield code="p">a41350</subfield>
    <subfield code="r">2022-10-24</subfield>
    <subfield code="w">2022-10-24</subfield>
    <subfield code="y">AGR</subfield>
  </datafield>
</record>
